000 01866nam a2200409 c 4500
003 BLK
005 20180420234814.0
008 180410b bul|||||r ||||||| ||bul||
010 _aKNG00170971000
020 _a978-954-2980-08-7
_bиздат.: Славина
040 _aBLK
041 _aBUL
_cBUL
072 7 _2bullib
_aН372
_xУчебни предмети. Учебници Н
080 _aГеография в основното училище. Методика на обучението по география
_b372.891
_x(079)(075.2)
_z372.891(079)(075.2)
080 _aИкономически науки - учебни предмети
_b372.833
_x(079)(075.2)
_z372.833(079)(075.2)
100 1 _aИванов, Анко Илиев
_eпърви автор
_9253907
139 _aИванов, Анко Илиев
_bИ 21
245 1 0 _aТестове по география и икономика за VIІ клас (Азия, Австралия, Антрактида)
_bЗа ученици и учители
_cАнко Илиев Иванов.
257 _aBGR
260 София
_bСлавина
_c2014
_fПерник : Съперник
300 _a112 с.
_bс ил.
_c24 см
380 _a3
500 _aБиблиогр. с. 110.
650 4 _aГеография - тестове - учебници за основни училища
_9263601
650 4 _aИкономика - тестове - учебници за основни училища
_9335982
653 _aгеография
653 _aикономика
653 _aтестове
653 _aучебни помагала
653 _aVІІ кл.
659 _aН
852 _aЦб 272591
856 4 _qpdf
_u
856 4 _qpdf
_u
942 _cKNG
_n0
944 _aCR
_c11.02.2015
_lф /
_kВиолета_Тройчева
944 _aED
_c19.06.2015
_lф /
_kПенка_Димитрова
999 _c163532
_d163532